Solidaritat amb el Tercer Món : catàleg d’ofertes d’accions de sensibilització per als ajuntaments : 2005 catàleg d’ofertes d’accions de sensibilització per als ajuntaments :
Descripción Física:
1 f. plegat en 4 parts : il. col., fot. ; 63 x 21 cm plegat a 21 x 10 cm
MARC
| LEADER | 00000nam a2200000Ia 4500 | ||
|---|---|---|---|
| 001 | 24549 | ||
| 008 | 160829s9999 xx 000 0 cat d | ||
| 080 | |a FU-67-44 | ||
| 245 | |a Solidaritat amb el Tercer Món : |b catàleg d’ofertes d’accions de sensibilització per als ajuntaments : |b 2005 | ||
| 260 | |a [Barcelona] : |b Diputació de Barcelona. Direcció de Relacions Internacionals, [2005] | ||
| 300 | |a 1 f. plegat en 4 parts : |b il. col., fot. ; |c 63 x 21 cm plegat a 21 x 10 cm | ||
| 650 | |a Solidaritat |9 50422 | ||
| 650 | |a Govern local |9 50423 | ||
| 710 | |a Barcelona (Catalunya : Província). |b Direcció de Relacions Internacionals |9 51072 | ||
| 901 | |a Arxiu | ||
| 942 | |n 1 | ||
| 952 | |0 0 |1 0 |4 0 |7 1 |9 56022 |a Arxiu |b Arxiu |d 2023-04-05 |h 2005 |o FU-67-44 |p 24549 |r 2016-12-01 00:00:00 |w 2016-12-01 |y ARXIU | ||
| 999 | |c 59896 |d 59896 | ||